000 00416nam a2200181Ia 4500
001 10435
005 20260306161832.0
008 260306t2019||||xx |||||||||||||| ||spa||
041 _aESP
082 _a928.61
_bM65
100 _aMistral, Gabriela,
_eAUT
245 0 _aEncuentro con Perú
260 _c2019
300 _a273 páginas :
_c23 cm.
650 _aGEN
654 _aCHU
942 _cLIB
_dJUS
_fJUS
_2ddc
_n
999 _c10435
_d10435